Представление документа в формате MARC21

Поле Инд. ПП Название Значение
Тип записи a
Библиографический уровень b
001 Контрольный номер RU/IS/BASE/126883854
005 Дата корректировки 20200601191440.7
084 a Индекс другой классификации/Индекс ББК 66.1(4Фра)5-19
a Индекс другой классификации/Индекс ББК 60.027.7
a Индекс другой классификации/Индекс ББК 60.001(4Фра)5
100 1_ a Автор Самсонова Т. Н.
245 a Заглавие Разработка проблем равенства в утопическом коммунизме XVIII в.
504 a Библиография Библиогр. ссылки. - Примеч.
600 a Персоналии Бабеф Гракх
a Персоналии Мабли Габриель Жан де
a Персоналии Мелье Жан
a Персоналии Морелли Андре
650 a Основная рубрика история политических учений
a Основная рубрика история философии
a Основная рубрика политика
a Основная рубрика социальная философия
a Основная рубрика философия
653 a Ключевые слова XVIII век
a Ключевые слова бабувизм
a Ключевые слова история социальной философии
a Ключевые слова политические взгляды
a Ключевые слова политические течения
a Ключевые слова социальное равенство
a Ключевые слова справедливость
a Ключевые слова утопический коммунизм
a Ключевые слова утопия
a Ключевые слова Франция
773 t Заглавие источника Вестник Московского университета. Серия 18, Социология и политология
d Дата издания источника 2003
g Прочая информация № 4. - С. 100 - 120
w Контрольный № источника RU/IS/BASE/124899300
901 t Тип документа b